| 000 | nam a22 7a 4500 | ||
|---|---|---|---|
| 999 |
_c29375 _d29375 |
||
| 008 | 171205b xxu||||| |||| 00| 0 eng d | ||
| 020 | _a9789966461575 | ||
| 050 | _aAFR PR 9381.9 .M9C3 2015 | ||
| 100 | _aMwangi, Meja. | ||
| 245 |
_aCarcase for Hounds / _cMeja, Mwangi. |
||
| 250 | _a1st ed. | ||
| 260 |
_aKenya: _bEast African Educational Publishers, _c2015. |
||
| 300 |
_a150p. _c24cm |
||
| 650 | _aOral Literature | ||
| 942 |
_2lcc _cAFRICANA _hAFR PR 9381.9 .M9C3 2015 |
||